Encyclopedia of English Speaking/ (Record no. 199391)

MARC details
000 -LEADER
fixed length control field 00577nam a22002057a 4500
005 - DATE AND TIME OF LATEST TRANSACTION
control field 20231201152057.0
010 ## - LCCN (DPL NO)
LC control number ENG-138542
020 ## - INTERNATIONAL STANDARD BOOK NUMBER
International Standard Book Number 9788192444109
Terms of availability 400.00
035 ## - SYSTEM CONTROL NUMBER
System control number EN-122074
037 ## - SOURCE OF ACQUISITION
Source of stock number/acquisition DBAD/PUB
082 ## - DEWEY DECIMAL CLASSIFICATION NUMBER
Classification number 480
100 ## - MAIN ENTRY--PERSONAL NAME
Personal name Rakesh Sukhdev More
245 ## - TITLE STATEMENT
Title Encyclopedia of English Speaking/
Statement of responsibility, etc By Rakesh Sukhdev More
250 ## - EDITION STATEMENT
Edition statement 1
Remainder of edition statement 14th oct, 2012
260 ## - PUBLICATION, DISTRIBUTION, ETC. (IMPRINT)
Place of publication, distribution, etc Mumbai
Name of publisher, distributor, etc Pithy Publication
270 ## - ADDRESS
City Mumbai
Electronic mail address pithypublication@gmail.com
300 ## - PHYSICAL DESCRIPTION
Extent 411p.
Dimensions 28.5cm(pbk)
490 ## - SERIES STATEMENT
Volume number/sequential designation 1
942 ## - ADDED ENTRY ELEMENTS (KOHA)
Source of classification or shelving scheme Dewey Decimal Classification
Item type English Books
Classification part 480
Call number suffix ENC
Edition 1
Holdings
Withdrawn status Lost status Not for loan Collection code Home library Current library Date acquired Source of acquisition Cost, normal purchase price Full call number Barcode Copy number Cost, replacement price Koha item type
      Non-fiction Vinoba Puri Vinoba Puri 01/12/2023 DBAD/PUB 400.00 480 ENC EN-122074 1 400.00 English Books

© Delhi Public Library
Hit Counter
free hit counter